| 000 | nam a22 a 4500 | ||
|---|---|---|---|
| 999 |
_c4024 _d4024 |
||
| 003 | AKMAL | ||
| 005 | 20170524160853.0 | ||
| 008 | 170524s2009 my a e | 000 0 may d | ||
| 020 |
_a9789675121203 (kkt.) : _cRM20.00 |
||
| 040 |
_aAKMAL _cAKMAL |
||
| 082 | 0 | 4 |
_a808.5 NAS _222 |
| 090 |
_a808.5 _bNAS |
||
| 100 | 0 |
_aN. A. Salleh, _d1976- _97884 |
|
| 245 | 1 | 0 |
_aKoleksi contoh teks ucapan berserta panduan asas penulisan teks ucapan / _cN. A. Salleh |
| 260 |
_aCheras, Selangor : _bPerintis Books, _c2009 |
||
| 490 | 1 | _aSiri cara mudah | |
| 650 | 1 | 0 |
_aSpeechwriting _xTechnique _97885 |
| 650 | 2 | 0 |
_aPublic speaking _xTechnique _97886 |
| 650 | 2 | 0 |
_aOral communication _xTechnique _97887 |
| 830 | 0 |
_aSiri cara mudah _97882 |
|
| 942 |
_2ddc _cBOOK |
||